书目信息 |
| 题名: |
蔬菜地膜覆盖栽培技术
|
|
| 作者: | 朱志方 编著 | |
| 分册: | ||
| 出版信息: | 北京 金盾出版社 1991.9 |
|
| 页数: | 98页 | |
| 开本: | 19cm | |
| 丛书名: | 全国“星火计划”丛书 | |
| 单 册: | ||
| 中图分类: | S626 | |
| 科图分类: | ||
| 主题词: | 地膜覆盖栽培-蔬菜 , 蔬菜-地膜覆盖栽培 | |
| 电子资源: | ||
| ISBN: | 7-80022-314-0 | |
| 000 | 01188nam2 2200301 45 | |
| 001 | 0192009567 | |
| 005 | 20070721153723.64 | |
| 010 | @a7-80022-314-0@dCNY3.00 | |
| 100 | @a19920330d1991 em y0chiy0121 ea | |
| 101 | 0 | @achi |
| 102 | @aCN@b110000 | |
| 105 | @ay z 000yy | |
| 200 | 10 | @a蔬菜地膜覆盖栽培技术@ASHU CAI DI MO FU GAI ZAI PEI JI SHU@f朱志方编著@FZHU ZHI FANG BIAN ZHU |
| 205 | @a2版 | |
| 210 | @a北京@c金盾出版社@d1991.9@h1992.2重印 | |
| 215 | @a98页@d19cm | |
| 225 | 2 | @a全国“星火计划”丛书 |
| 300 | @a书名原名:蔬菜地膜覆盖早熟高产栽培技术 | |
| 330 | @a本书较系统地介绍了塑料地膜覆盖栽培的5种不同方式及其在不同地区、不同季节,各种蔬菜地膜覆盖栽培中的应用技术,并增补了近几年的科技新成果,对18种常种蔬菜地膜覆盖栽培的不同方式及耕作技术作了重点介绍。 | |
| 410 | 0 | @120010@a全国“星火计划”丛书 |
| 517 | 1 | @a蔬菜地膜覆盖早熟高产栽培技术@ASHU CAI DI MO FU GAI ZAO SHU GAO CHAN ZAI PEI JI SHU |
| 540 | 1 | @a蔬菜 地膜覆盖 栽培 技术@ASHU CAI DI MO FU GAI ZAI PEI JI SHU |
| 606 | @a地膜覆盖栽培-蔬菜 | |
| 606 | @a蔬菜-地膜覆盖栽培 | |
| 690 | @aS626@v4 | |
| 701 | 0 | @a朱志方@AZHU ZHI FANG@4编著 |
| 801 | 0 | @aCN@bTSSF@c20070721 |
| 905 | @a10447@dS626@e171=2 | |
| 蔬菜地膜覆盖栽培技术/朱志方编著.-2版.-北京:金盾出版社,1991.9(1992.2重印) |
| 98页;19cm.-(全国“星火计划”丛书) |
| 书名原名:蔬菜地膜覆盖早熟高产栽培技术 |
| ISBN 7-80022-314-0:CNY3.00 |
| 本书较系统地介绍了塑料地膜覆盖栽培的5种不同方式及其在不同地区、不同季节,各种蔬菜地膜覆盖栽培中的应用技术,并增补了近几年的科技新成果,对18种常种蔬菜地膜覆盖栽培的不同方式及耕作技术作了重点介绍。 |
| ● |
| 相关链接 |
|
|
|
|
正题名:蔬菜地膜覆盖栽培技术
索取号:S626/171=2
 
预约/预借
| 序号 | 登录号 | 条形码 | 馆藏地/架位号 | 状态 | 备注 |
| 1 | 0769549 | 207695494 | 第二样本阅览室/ [索取号:S626/171=2] | 在馆 |